Sports Quiz

Random Sports or Football Quiz

England Footballers (Images) Quiz Stats

 Plays Quiz not verified by Sporcle

Challenge
Share
Tweet
Score 0/20 Timer 06:00
0 Plays Today
% Correct
David Beckham
99.5%
Wayne Rooney
98.9%
Steven Gerrard
96.7%
Frank Lampard
96.7%
John Terry
96.1%
Ashley Cole
95.1%
Rio Ferdinand
94.7%
Michael Owen
91.6%
David Seaman
89.1%
Alan Shearer
88.6%
% Correct
Gary Lineker
78.6%
Paul Gascoigne
77.6%
Bobby Charlton
76.1%
Bobby Moore
73.6%
Kevin Keegan
71.4%
Peter Shilton
70.8%
John Barnes
70.1%
Glenn Hoddle
62.7%
Bryan Robson
61.7%
Gordon Banks
61.4%

You're not logged in!

Compare scores with friends on all Sporcle quizzes.
Join for Free
OR
Log In

You Might Also Like...

Show Comments

Extras

Top Quizzes Today


Score Distribution

Your Account Isn't Verified!

In order to create a playlist on Sporcle, you need to verify the email address you used during registration. Go to your Sporcle Settings to finish the process.

Report this User

Report this user for behavior that violates our Community Guidelines.

Details: